000 00479nam a2200169Ia 4500
003 GCL
008 140319s9999 xx 000 0 ara d
040 _aGCL /
_cGCL
082 0 4 _a301.11
_bج م
100 1 _aجابر عوض سيد
245 1 0 _aممارسة العمل مع الجماعات /
_cجابر عوض سيد
300 _a319 ص
490 _a100 قصة
_v0
650 0 4 _aالاجتماع، علم
650 0 4 _aالتفاعل الاجتماعى
942 _2ddc
_cBK
999 _c44252
_d44252